| 000 | 03453cam a2200853 4500 | ||
|---|---|---|---|
| 008 | 040419n2002 000 0 eng u | ||
| 020 | _a0470844086 | ||
| 035 | _a(Sirsi) u125864 | ||
| 041 | _aeng | ||
| 050 |
_a526.982 _c18 |
||
| 100 | _aFoody, Giles M. | ||
| 245 | _aUncertainty in remote sensing and GIS | ||
| 260 |
_aChichester _bWiley _c2002 |
||
| 300 |
_axvi, 307p. _bill. _c26cm. |
||
| 350 | _a70 | ||
| 505 | _aUncertainty in remote sensing and GIS: fundamentals | ||
| 505 | _aUncertainty in remote sensing | ||
| 505 | _aToward a comprehensive view of uncertainty in remote sensing | ||
| 505 | _aOn the ambiguity induced by a remote sensor's PSF | ||
| 505 | _aPixel unmixing at the sub-pixel scale based on land cover class probabilities: application to urban areas | ||
| 505 | _aSuper-resolution land cover mapping from remotely sensed imagery using a Hopfield neural network | ||
| 505 | _aUncertainty in land cover mapping from remotely sensed data using textural algorithm and artificial neural networks | ||
| 505 | _aRemote monitoring of the impact of ENSO-related drought on Sabah Rainforest using NOAA AVHRR middle infrared reflectance: exploring emissivity uncertainty | ||
| 505 | _aLand cover map 2000 and meta-data at land parcel level | ||
| 505 | _aAnalysing uncertainty propagation in GIS: why is it not that simple? | ||
| 505 | _aManaging uncertainty in a geospatial model of biodiversity | ||
| 505 | _aThe effects of uncertainty in deposition data on predicting exceedances of acidity cricial loads for sensitive UK ecosystems | ||
| 505 | _aVertical and horizontal spatial variation of geostatistical prediction | ||
| 505 | _aGeostatistical prediction and simulation of the lateral and vertical extent of soil horizons | ||
| 505 | _aIncreasing the accuracy of predictions of monthly precipitation in Great Britain using Kriging with an external drift | ||
| 505 | _aConditional simulation applied to uncertainty assessment in DTMs | ||
| 505 | _aCurrent status of uncertainty issues in remote sensing and GIS | ||
| 520 | _aProvides focussed discussions on uncertainty in remote sensing and GIS that illustrate the range of uncertainties that may occur, as well as describing the means of measuring uncertainty and the impacts of uncertainty on analyses and interpretations made. References. | ||
| 650 | _aREMOTE SENSING | ||
| 650 | _aGEOGRAPHIC INFORMATION SCIENCE | ||
| 650 | _aUNCERTAINTY | ||
| 650 | _aGIS | ||
| 690 |
_aGEOMATICS _96242 |
||
| 700 | _aAtkinson, Peter M. | ||
| 700 | _aBoyd, D. | ||
| 700 | _aCollins, M. | ||
| 700 | _aCurran, P. | ||
| 700 | _aDungan, J. | ||
| 700 | _aDuane, W. | ||
| 700 | _aEhlers, P. | ||
| 700 | _aFuller, R. | ||
| 700 | _aHall, J. | ||
| 700 | _aHeuvelink, G. | ||
| 700 | _aHeywood, E. | ||
| 700 | _aJakomulska, A. | ||
| 700 | _aJohnson, E. | ||
| 700 | _aLewis, H. | ||
| 700 | _aLloyd, C. | ||
| 700 | _aLucieer, A. | ||
| 700 | _aManslow, J. | ||
| 700 | _aMolenaar, M. | ||
| 700 | _aNixon, M. | ||
| 700 | _aNonin, P. | ||
| 700 | _aOdeh, I. | ||
| 700 | _aOliver, M. | ||
| 700 | _aPhipps, P. | ||
| 700 | _aRadomski, J. | ||
| 700 | _aSchmitt, M. | ||
| 700 | _aSenegas, J. | ||
| 700 | _aSmith, G. | ||
| 700 | _aTatem, A. | ||
| 700 | _aWadsworth, R. | ||
| 700 | _aWameling, A. | ||
| 700 | _aWarr, B. | ||
| 700 | _aWarren, A. | ||
| 700 | _aWoodcock, C. | ||
| 700 | _aZhan, Q. | ||
| 942 | _n0 | ||
| 999 |
_c103485 _d103485 |
||